Catalog

Record Details

Catalog Search



Politické systémy  Cover Image Book Book

Politické systémy / Vít Hloušek, Lubomír Kopeček, Jakub Šedo

Record details

  • ISBN: 978-80-7485-150-6
  • Physical Description: 292 stran : ilustrace ; 23 cm
  • Edition: 2. aktualizované vydání
  • Publisher: Brno : Barrister & Principal Publishing, 2018

Content descriptions

Bibliography, etc. Note:
Obsahuje bibliografii, bibliografické odkazy a rejstřík
Language Note:
Anglické resumé
Subject: politický systém
politický systém > Evropa
demokracie
demokracie > Evropa
komparace politických systémů
political system
political system > Europe
democracy
democracy > Europe
comparative government
Genre: kolektivní monografie
collective monographs

Available copies

  • 1 of 1 copy available at Common Catalog SPOK.

Holds

  • 0 current holds with 1 total copy.
Show Only Available Copies
Location Call Number / Copy Notes Barcode Shelving Location Status Due Date
Jabok Library Soc-5.3
Pořízeno z projektu Škola jako místo, kde se vzdělává a žije: CZ.07.4.68/0.0/0.0/16_037/0000325
424480040278 Odborná literatura Available -

LDR 01903nam a2200541 i 4500
00130049
003CZ-PrJAB
00520180201142910.0
007ta
008171218s2018 xr a f 001 0 cze
015 . ‡acnb002962997
020 . ‡a978-80-7485-150-6 ‡q(brožováno) : ‡cKč 295,00
035 . ‡a(CZ PrNK)nkc20172962997
040 . ‡aOLA001 ‡bcze ‡erda
0410 . ‡acze ‡beng
043 . ‡ae------
072 7. ‡a321 ‡xPolitologie ‡2Konspekt ‡915
080 . ‡a342.5 ‡2MRF
080 . ‡a321.7+342.34 ‡2MRF
080 . ‡a321:328/329 ‡2MRF
080 . ‡a(4) ‡2MRF
080 . ‡a(048.8:082) ‡2MRF
1001 . ‡aHloušek, Vít, ‡d1977- ‡7mzk2002160971 ‡4aut
24510. ‡aPolitické systémy / ‡cVít Hloušek, Lubomír Kopeček, Jakub Šedo
250 . ‡a2. aktualizované vydání
264 1. ‡aBrno : ‡bBarrister & Principal Publishing, ‡c2018
300 . ‡a292 stran : ‡bilustrace ; ‡c23 cm
336 . ‡atext ‡btxt ‡2rdacontent
337 . ‡abez média ‡bn ‡2rdamedia
338 . ‡asvazek ‡bnc ‡2rdacarrier
504 . ‡aObsahuje bibliografii, bibliografické odkazy a rejstřík
546 . ‡aAnglické resumé
65007. ‡apolitický systém ‡7ph124258 ‡2czenas
65007. ‡apolitický systém ‡7ph124258 ‡zEvropa ‡2czenas
65007. ‡ademokracie ‡7ph117182 ‡2czenas
65007. ‡ademokracie ‡7ph117182 ‡zEvropa ‡2czenas
65007. ‡akomparace politických systémů ‡7ph121758 ‡2czenas
65009. ‡apolitical system ‡2eczenas
65009. ‡apolitical system ‡zEurope ‡2eczenas
65009. ‡ademocracy ‡2eczenas
65009. ‡ademocracy ‡zEurope ‡2eczenas
65009. ‡acomparative government ‡2eczenas
655 7. ‡akolektivní monografie ‡7fd501537 ‡2czenas
655 9. ‡acollective monographs ‡2eczenas
7001 . ‡aKopeček, Lubomír, ‡d1975- ‡7js20020122021 ‡4aut
7001 . ‡aŠedo, Jakub, ‡d1977- ‡7xx0015630 ‡4aut
910 . ‡aABG312
901 . ‡a30049 ‡b ‡c30049 ‡tbiblio

Additional Resources